[Event "Speed Chess Championship 2020"]
[Site "Online"]
[Date "2020.12.12"]
[Round "3.16"]
[White "Vachier-Lagrave, Maxime"]
[Black "Carlsen, Magnus"]
[Result "1-0"]
[WhiteElo "2784"]
[BlackElo "2862"]
[Annotator "TA"]
[PlyCount "88"]
[EventDate "2020.10.31"]
[EventType "k.o."]
[EventCountry "NET"]
[SourceTitle "playchess.com"]
[Source "ChessBase"]
[SourceQuality "1"]

{[%evp 22,88,0,0,0,0,0,0,8,0,17,0,22,0,36,0,13,-42,0,0,0,0,-13,0,0,-31,7,18,262,260,275,275,278,269,298,279,304,231,387,259,259,259,259,259,259,247,247,243,231,198,272,281,356,265,457,443,457,393,569,493,512,512,617,611,745,745,663,610,520]} 1. e4 {RR} e5 2. Nf3 Nc6 3. Bb5 Nf6 4. O-O Nxe4 5. d4 Nd6 6. Bxc6 dxc6 7. dxe5 Nf5 8. Qxd8+ Kxd8 9. h3 h6 10. Nc3 Bd7 11. b3 Kc8 {11...c5 is not played anymore.} 12. Bb2 c5 {C67: Ruy Lopez: Berlin Defence: 4 0-0 Nxe4.} 13. Nd5 a5 14. a4 Ne7 {The position is equal.} 15. Nf4 {[#]} Ra6 $146 ({Predecessor:} 15... Bf5 16. c4 g5 17. Nh5 Be6 18. Nd2 Ng6 19. g4 Be7 20. Rad1 Rg8 21. Ne4 b6 {½-½ (30) Zhigalko,S (2640)-Kryvoruchko,Y (2635) Katowice 2010 EXT 2016 [RR]}) 16. Rfe1 Rg8 17. Nd2 Ng6 18. Nd3 Bf5 19. Ne4 (19. Nc4 $11) 19... c4 20. bxc4 Rc6 21. c5 $36 {[%mdl 2048] White is more active.} Bxe4 22. Rxe4 Bxc5 23. e6 fxe6 24. Rg4 Ne7 $2 {A mistake that costs the game.} (24... Nh8 $11 {and Black stays safe.}) 25. Nxc5 $18 (25. Rxg7 Rxg7 26. Bxg7 Nf5 $15) (25. Bxg7 h5 $17) 25... Rxc5 26. Ba3 (26. Bxg7 h5 $17) (26. Rxg7 Rxg7 27. Bxg7 h5 $11) 26... Rxc2 {[#] aiming for ...Nd5.} 27. Bxe7 b6 28. Bf6 g5 29. Bd4 Rd8 $2 (29... h5) 30. Be3 Rd5 31. h4 gxh4 32. Rxh4 h5 33. g3 Rb2 34. Kg2 Rb4 35. Rah1 Rxh4 (35... Kb7 $142 36. Kf3 (36. Rxh5 Rxh5 37. Rxh5 Rxa4 $18) 36... Rf5+ 37. Ke2 c5) 36. Rxh4 {[%mdl 4096] Endgame KRB-KR} ({Resist} 36. gxh4 $6 Kb7 $16) 36... Kb7 37. Kf3 c6 $2 {[#]} (37... Kc6 38. Rh1 Kd6) 38. Re4 Rf5+ 39. Ke2 e5 (39... Kc7 {might work better.} 40. Rxe6 b5 41. axb5 Rxb5 42. Re7+ Kd6) 40. Rh4 {White is clearly winning.} b5 41. Kd3 Ka6 42. Ke4 Rf7 43. Rxh5 bxa4 44. Rxe5 a3 {Weighted Error Value: White=0.23/Black=0.44} 1-0

[Event "Speed Chess Championship 2020"]
[Site "Online"]
[Date "2020.12.12"]
[Round "3.17"]
[White "Carlsen, Magnus"]
[Black "Vachier-Lagrave, Maxime"]
[Result "1/2-1/2"]
[WhiteElo "2862"]
[BlackElo "2784"]
[Annotator "TA"]
[PlyCount "132"]
[EventDate "2020.10.31"]
[EventType "k.o."]
[EventCountry "NET"]
[SourceTitle "playchess.com"]
[Source "ChessBase"]
[SourceQuality "1"]

{[%evp 9,132,16,13,16,12,20,13,17,10,7,20,0,12,0,42,43,74,84,72,30,20,21,154,-54,-60,-207,-202,-287,-147,-350,-137,-142,-140,-146,-146,-146,-146,-146,-153,-129,-134,-143,-131,-132,-88,-173,-162,-178,-141,-141,-147,-147,-139,-154,-69,-78,-66,-88,-49,-56,-63,-107,-66,-76,-64,-95,-93,-135,-137,-139,-149,-135,-146,-135,-144,-145,-121,-125,-124,-131,-131,-223,-186,-178,0,-218,0,-240,-227,-124,0,0,1035,962,738,8,8,8,8,8,8,8,8,8,28,28,28,8,28,8,8,8,8,8,8,8,8,8,8,8,8,8,8,8,8]} 1. e4 c5 2. Nf3 d6 3. Bb5+ Nd7 4. O-O a6 5. Bd3 Ngf6 6. Re1 {B51: Sicilian: Moscow Variation (3 Bb5+) without 3...Bd7.} e6 7. c3 b5 8. Bc2 c4 9. a4 Bb7 10. axb5 axb5 11. Rxa8 Bxa8 {[#]} 12. d4 $146 ({Predecessor:} 12. d3 Be7 13. Na3 cxd3 14. Bxd3 b4 15. cxb4 O-O 16. h3 Qb8 17. Bd2 Rc8 18. Bc3 {0-1 (40) Aleskerov,F (2315)-Xiong,J (2674) chess.com INT 2017}) 12... cxd3 13. Qxd3 Qb8 14. Na3 b4 15. cxb4 $1 Qxb4 (15... Be7 $1 $11 {keeps the balance.}) 16. Nb5 $2 (16. Bd2 $1 $16 {[%cal Rd2b4]} Qb7 17. Nb5) 16... Bxe4 $1 $15 17. Nc7+ (17. Qe2 $15 Bxf3 18. gxf3) 17... Kd8 $19 18. Qe2 (18. Rxe4 {was necessary.} Nxe4 19. Na6) 18... Kxc7 (18... Bxf3 $19 19. Nxe6+ fxe6 20. gxf3 Ne5) 19. Bd2 $2 (19. Bxe4 $17 {is the only way for White.} Nxe4 20. Qxe4 Qxe4 21. Rxe4) 19... Qb7 $2 ({Don't blunder} 19... Qxb2 $2 20. Bxe4 Qa2 21. Qb5 $18) (19... Bxf3 $19 {is more deadly.} 20. gxf3 Qb7) 20. Ba5+ $17 Kb8 21. Bxe4 Nxe4 22. Qxe4 Qxe4 23. Rxe4 d5 24. Re3 Bc5 25. Rb3+ Ka7 26. Ng5 Ne5 27. Bc3 (27. Bc7 $17 Nc4 28. Nxf7) 27... d4 $19 28. Be1 h6 29. Ne4 Be7 30. f4 Nc6 31. Kf1 Rb8 (31... g5 $17 32. g3 Rg8) 32. Rxb8 $15 Kxb8 {[%mdl 4096] Endgame KBN-KBN} 33. Ke2 Kc7 34. Kd3 f5 35. Nd2 Kd6 {White must now prevent ...Kd5.} 36. Kc4 $1 Bf6 37. Nf3 g5 38. g3 g4 39. Nd2 e5 40. b4 e4 41. Nb3 {intending b5.} d3 42. b5 Nd8 43. Bb4+ Kd7 44. Kd5 {[#]} Nb7 $1 45. Bd2 (45. Nd2 $17) 45... Kc7 $19 46. Be3 Kd7 $2 (46... Bc3 $19 {Hoping for ...Na5.} 47. b6+ Kd7) 47. b6 $2 (47. Bd2 $1 $11) 47... Be7 $2 (47... Bc3 $19 48. Kc4 Be1) 48. Nd2 $2 (48. Nd4 $11 {and White stays safe.}) 48... Bb4 49. Nc4 {[#]} Bc3 (49... Na5 $1 $17 {[%cal Ra5c4]} 50. Nb2 (50. Nxa5 $2 Bxa5 51. Kc5 d2 $19) 50... Nc6) 50. Ne5+ $11 Bxe5 $2 {[%mdl 8192]} (50... Kc8 $11 51. Nc4 Kd7 52. Ne5+ Ke7) 51. fxe5 {KB-KN} Nd8 52. e6+ $2 (52. Bxh6 $18 {e6+! is the strong threat.} Ne6 53. Be3) 52... Nxe6 {Strongly threatening ...Ng5.} 53. b7 Nc7+ 54. Ke5 Na6 55. Kxf5 Kc7 56. Kxe4 Nc5+ 57. Kd4 ({Wrong is} 57. Bxc5 $2 d2 $19) 57... Nxb7 58. Kxd3 Kd6 59. Ke4 h5 {The position is equal.} 60. Kf5 Kd5 61. Bf4 {Cut Off at move 61} Nc5 62. Kg5 Ke4 63. Kxh5 Kf3 64. Kh4 Ne4 65. h3 gxh3 66. Kxh3 Nxg3 {Weighted Error Value: White=0.50/Black=0.32} 1/2-1/2

[Event "Speed Chess Championship 2020"]
[Site "Online"]
[Date "2020.12.12"]
[Round "3.17"]
[White "Nakamura, Hikaru"]
[Black "So, Wesley"]
[Result "1-0"]
[WhiteElo "2736"]
[BlackElo "2816"]
[Annotator "TA"]
[PlyCount "79"]
[EventDate "2020.10.31"]
[EventType "k.o."]
[EventCountry "NET"]

{[%evp 11,79,5,-1,-34,-32,-36,-39,-27,-28,-24,-28,-24,-25,-29,-21,-27,-36,-34,-31,-24,-11,-10,-10,-11,-10,-25,-15,-15,-15,-29,-31,-31,-27,-50,-50,-61,0,0,0,0,9,-14,-10,-22,24,0,27,0,27,39,77,81,137,116,123,100,100,100,98,100,296,303,284,272,319,322,307,293,542,540]} 1. e4 c5 2. Nc3 d6 3. Nf3 Nf6 4. e5 dxe5 5. Nxe5 a6 6. a4 Qc7 7. Nc4 $1 {7.Nc4 is better than 7.d4. B50: Sicilian: 2...d6, Miscellaneous.} Nc6 8. d3 Be6 9. g3 {Black is slightly better.} Bxc4 10. dxc4 Rd8 11. Bd3 e6 12. O-O Be7 {[#]} 13. Be3 $146 ({Predecessor:} 13. Bf4 Bd6 14. Bg5 h6 15. Be3 O-O 16. f4 Nb4 17. Qf3 Rfe8 18. Rf2 Nxd3 19. cxd3 {½-½ (36) Fernandez,J (2404)-Pekin,T (2238) ICCF email 2017}) 13... O-O (13... h5 {keeps more tension.} 14. f3 Kf8 15. Qe2 Nd7 16. Bf4 Nde5) 14. Qe2 Nd4 15. Bxd4 Rxd4 16. f4 g6 17. Nd1 {[%cal Bc3d1,Bd1f2,Bf2h3,Bh3g5][%mdl 32]} Rfd8 18. Qf3 Ne8 19. Nf2 Bf6 20. b3 R4d6 21. Rae1 Bd4 22. Kg2 f5 23. Nh3 Qc6 (23... Nf6 $15) 24. Qxc6 $11 Rxc6 25. Ng5 Nc7 26. Re2 Bf6 27. Nf3 Na8 28. Re3 Nb6 29. Be2 Kf7 30. g4 fxg4 31. Ng5+ Bxg5 (31... Ke7 $142) 32. fxg5+ $16 Ke7 33. Bxg4 Rd2+ 34. Rf2 Rxf2+ 35. Kxf2 {KRB-KRN} Rd6 $2 {[#] Loses the game.} (35... Nd7 $16) 36. Rh3 $1 $18 Rd2+ 37. Ke1 Rxc2 38. Rxh7+ Kd6 39. Rh6 ({Don't do} 39. Rxb7 $6 Nd7 $18) 39... Rg2 $2 {[#]} (39... Nxc4 {was called for.} 40. Bd1 (40. Rxg6 Ne5 $11 {[%mdl 64] Double Attack}) 40... Rc1) 40. h3 $1 {Weighted Error Value: White=0.07/Black=0.24} 1-0

[Event "Speed Chess Championship 2020"]
[Site "Online"]
[Date "2020.12.15"]
[Round "3.18"]
[White "So, Wesley"]
[Black "Nakamura, Hikaru"]
[Result "1/2-1/2"]
[WhiteElo "2816"]
[BlackElo "2736"]
[Annotator "TA"]
[PlyCount "99"]
[EventDate "2020.10.31"]
[EventType "k.o."]
[EventCountry "NET"]

{[%evp 9,99,42,25,20,53,16,32,18,69,79,102,95,90,81,120,108,99,107,108,91,103,18,34,35,57,56,48,49,58,52,68,51,129,69,69,69,115,69,77,84,80,64,80,66,106,106,106,103,95,96,106,66,66,66,72,0,106,0,106,105,105,105,105,105,105,105,105,105,105,105,105,76,76,76,105,49,76,45,90,0,60,41,85,0,100,91,83,0,0,0,64,0]} 1. e4 g6 2. d4 c6 3. Nc3 d5 4. e5 Bg7 5. h3 f6 6. f4 {B15: Caro-Kann: 3 Nc3: 3...g6 and 3...dxe4 4 Nxe4 Nf6 5 Nxf6+ exf6.} Nh6 7. Nf3 Nf5 8. Bd3 {[#]} c5 $146 (8... Ng3 $11 9. Rg1 f5) ({Predecessor:} 8... Ng3 9. Rg1 Bf5 10. Bxf5 gxf5 11. Nh4 e6 12. Kf2 Ne4+ 13. Nxe4 fxe4 14. Qg4 Qe7 {1-0 (28) Balogh,C (2664)-Chatalbashev,B (2570) Plovdiv 2012}) 9. dxc5 $14 Nc6 {[%cal Rf6e5]} 10. exf6 Bxf6 11. O-O O-O 12. Bxf5 Bxf5 13. Nxd5 Bg7 14. c3 Be4 15. c4 (15. Ne3 $16) 15... e6 16. Nc3 Bxc3 17. bxc3 Qxd1 18. Rxd1 Bxf3 19. gxf3 Rad8 20. Be3 Kf7 (20... Rxd1+ $14 21. Rxd1 e5) 21. Rab1 ({Better is} 21. Rd6 $16) 21... Rxd1+ 22. Rxd1 {[%mdl 4096] Endgame KRB-KRN} Ke7 23. Kf2 Rc8 24. Rb1 Rc7 25. Ke2 Kf6 26. Rg1 Ne7 27. Bd4+ Kf7 28. Kd3 Nc6 29. h4 h5 30. Rg5 Rd7 31. Ke3 Na5 32. Kd3 Nc6 33. Rg1 (33. Rg2 $16) 33... Rd8 (33... Rc7 $1 $11 {keeps the balance.}) 34. a4 Rd7 35. Rb1 Ke7 36. Ke4 Kf7 37. Be5 Na5 38. Rb4 Nc6 39. Rb5 Ke8 40. Bd6 Kf7 41. Rb1 Kf6 42. Rg1 ({White should play} 42. Ra1 $16) 42... Kf7 43. Ke3 Kf6 44. Ke4 Kf7 $1 45. f5 exf5+ {[#]} 46. Kd5 (46. Kf4 $1 $16) 46... Ne7+ (46... Kf6 $11) 47. Ke5 $16 Nc6+ 48. Kd5 ({White should try} 48. Kf4 $16) 48... Ne7+ $11 49. Ke5 (49. Kd4 $11) 49... Nc6+ $14 50. Kd5 {Weighted Error Value: White=0.23/Black=0.18} (50. Kf4 $14) 1/2-1/2

[Event "Speed Chess Championship 2020"]
[Site "Online"]
[Date "2020.12.12"]
[Round "3.18"]
[White "Vachier-Lagrave, Maxime"]
[Black "Carlsen, Magnus"]
[Result "1-0"]
[WhiteElo "2784"]
[BlackElo "2862"]
[Annotator "TA"]
[PlyCount "93"]
[EventDate "2020.10.31"]
[EventType "k.o."]
[EventCountry "NET"]
[SourceTitle "playchess.com"]
[Source "ChessBase"]
[SourceQuality "1"]

{[%evp 10,93,20,0,0,0,0,0,2,-22,-14,-9,-2,-30,-35,-29,-32,-41,-14,-50,-22,-23,-25,-17,-24,-28,-27,-44,-33,-53,-35,-27,0,-14,-6,0,-14,-11,0,-191,0,-133,-121,-125,-129,-112,-135,-135,-128,-122,0,0,175,225,223,230,228,225,221,220,218,207,291,227,260,237,239,294,313,300,402,402,403,386,381,385,356,269,437,427,483,491,555,545,525,470]} 1. e4 c5 2. Nf3 e6 3. c3 Nf6 4. e5 Nd5 5. Bc4 d6 6. O-O dxe5 {B22: Sicilian: 2 c3.} 7. Nxe5 Bd6 8. Re1 $5 {[%mdl 4] Hoping for Bxd5. Leaves trodden paths.} O-O {[#] The position is equal.} 9. d3 $146 ({Predecessor:} 9. d4 Nd7 10. Nxd7 Bxd7 11. dxc5 Bxh2+ 12. Kxh2 Qh4+ 13. Kg1 Qxc4 14. b3 Qh4 15. Qd4 Qxd4 16. cxd4 {½-½ (24) Terbe,J (2193)-Franchini,G (2193) Budapest 2016}) 9... Qc7 10. Nf3 b6 11. Nbd2 Bb7 12. Ne4 Be7 13. a4 Nd7 14. Qc2 Rad8 15. a5 Bc6 16. axb6 axb6 17. Bd2 h6 18. Bb3 N7f6 19. Ng3 Bd6 20. Ne4 Bf4 21. Nxf6+ Nxf6 22. Bxf4 $1 Qxf4 23. Ne5 Ng4 24. Nxc6 $2 (24. g3 $11 {and White is okay.} Qxe5 25. Rxe5 Nxe5 26. f4 Nf3+ 27. Kf2) 24... Qxh2+ $19 25. Kf1 {[#]} Rd6 $1 26. Ne7+ Kh8 27. Ra4 ({Not} 27. d4 $2 Qh1+ 28. Ke2 Qxg2 $19) 27... Qh1+ 28. Ke2 Qxg2 29. Rf4 {[#] And now Ng6+! would win.} e5 (29... Re8 $1 $17 {[%cal Re8e7]} 30. Nc6 (30. Rxf7 $2 Ne5 $19 {[%mdl 64] Double Attack}) 30... e5) 30. Rf3 $1 $11 f5 $2 {Black is on the road to losing.} (30... Rfd8 $11 {and Black stays safe.} 31. Rxf7 e4) 31. Nxf5 $18 Rdf6 32. Nh4 Rxf3 33. Nxg2 Rxf2+ 34. Kd1 Rxc2 35. Bxc2 Rf3 (35... g5 {was worth a try.} 36. Ne3 Nxe3+ 37. Rxe3 Re8) 36. Kd2 g5 37. Ne3 Nxe3 38. Rxe3 {[%mdl 4096] Endgame KRB-KR} Rf5 39. Re2 Kg7 40. d4 Rf4 41. dxe5 {Strongly threatening e6.} Kf7 42. e6+ Ke7 43. Bg6 g4 $2 (43... Rf3 44. Bd3 g4) 44. Bf7 {White is clearly winning.} Rf5 45. Rh2 g3 46. Rg2 Rg5 {If only Black now had time for ...h5....} 47. Ke3 {Weighted Error Value: White=0.16/Black=0.31} 1-0

[Event "Speed Chess Championship 2020"]
[Site "Online"]
[Date "2020.12.12"]
[Round "3.19"]
[White "Carlsen, Magnus"]
[Black "Vachier-Lagrave, Maxime"]
[Result "0-1"]
[WhiteElo "2862"]
[BlackElo "2784"]
[Annotator "TA"]
[PlyCount "66"]
[EventDate "2020.10.31"]
[EventType "k.o."]
[EventCountry "NET"]
[SourceTitle "playchess.com"]
[Source "ChessBase"]
[SourceQuality "1"]

{[%evp 10,66,40,0,0,-6,2,-16,58,54,50,48,105,94,113,93,86,92,86,95,108,104,190,185,256,248,208,193,372,120,219,228,237,234,230,219,212,50,63,50,128,122,129,106,118,0,48,0,0,-74,-62,-377,-364,-5231,-5231,-5189,-5189,-5169,-4134]} 1. d4 Nf6 2. c4 g6 3. Nc3 d5 4. Nf3 Bg7 5. cxd5 Nxd5 6. Qa4+ Nc6 {D90: Grünfeld: 4 Nf3 Bg7 sidelines.} 7. e4 Nb6 8. Qc2 {[#]} e6 $146 ({Better is} 8... Bxd4 $11 9. Bb5 Bg7) ({Predecessor:} 8... O-O 9. d5 Nb8 10. Be3 c6 11. Rd1 cxd5 12. Nxd5 Nxd5 13. Rxd5 Qe8 14. Bb5 Bd7 15. Bxd7 Nxd7 {½-½ (43) Rakhmanov,A (2645)-Artemiev,V (2731) Moscow 2019}) 9. Be3 O-O {[%cal Rc6d4]} ({Much weaker is} 9... Nxd4 $6 10. Bxd4 Bxd4 11. Nb5 $18) 10. Rd1 Bd7 ({Black should play} 10... f5 $14) 11. h4 $16 h6 12. e5 Ne7 13. h5 Nf5 14. hxg6 fxg6 15. Bd3 Nxe3 (15... g5 $16) 16. fxe3 $18 Bc6 (16... Qe7 {was necessary.} 17. Bxg6 c5 18. Bh7+ Kh8) 17. Bxg6 Bxf3 18. gxf3 {And now Qg2 would win.} Rxf3 $2 (18... Qg5 {was called for.}) 19. Ke2 $2 (19. Qe2 $18 {has better winning chances.} Qf8 20. Bh5) 19... Rg3 (19... Rxe3+ $16 {might work better.} 20. Kxe3 Qg5+ 21. Ke2 Qg2+ 22. Kd3 Qxg6+ 23. Ne4 Nd5) 20. Rdg1 Qg5 21. Rxg3 Qxg3 22. Bh7+ Kh8 {White must now prevent ...Qg2+.} 23. Be4 $2 (23. Qg6 $18 Qxg6 24. Bxg6) 23... Rf8 $14 24. Kd3 {aiming for Ne2.} c5 (24... Rf2 $14 25. Ne2 {[%mdl 64] Discovered Attack} Qg4) 25. Ne2 $16 ({Don't go for} 25. dxc5 $2 Rd8+ 26. Ke2 Nc4 $1 $19 {[%mdl 512]}) 25... c4+ 26. Kd2 $1 Rf2 27. Rf1 ({White must play} 27. Bxb7 $16 {Strongly threatening Qe4.} Qg5 28. Qe4) 27... h5 (27... Bf8 $5 {[%cal Rf8b4]} 28. Qc3 Qh2 29. Rxf2 Qxf2 $11) 28. Rxf2 Qxf2 29. Bxb7 {[#]} (29. b3 $1 $11 {keeps the balance.}) 29... Bh6 $1 $17 {[%cal Rh6e3]} 30. Qe4 $2 {[%mdl 8192] [#]} ({White has to play} 30. Kc3 $1 $15) 30... c3+ $1 $19 {[%mdl 512]} 31. bxc3 $2 (31. Kxc3 Qxe2 32. a3) 31... Nc4+ {[%mdl 64] Double Attack. Black is clearly winning.} 32. Kd3 Nb2+ 33. Kd2 {[#]} Bxe3+ $1 {[%mdl 512] Never resign too early!  Weighted Error Value: White=0.57/Black=0.32} 0-1

[Event "Speed Chess Championship 2020"]
[Site "Online"]
[Date "2020.12.12"]
[Round "3.19"]
[White "Nakamura, Hikaru"]
[Black "So, Wesley"]
[Result "1-0"]
[WhiteElo "2736"]
[BlackElo "2816"]
[Annotator "TA"]
[PlyCount "79"]
[EventDate "2020.10.31"]
[EventType "k.o."]
[EventCountry "NET"]

{[%evp 9,79,6,5,0,5,3,0,0,0,0,15,-13,17,-3,7,-17,-23,-21,-23,-16,-19,-35,-34,-47,-45,-47,-47,-40,-46,-61,-49,-43,-20,-33,-38,-42,-40,-54,-51,-52,-29,-79,-39,-49,-46,-77,-22,-33,0,-86,-90,-76,-17,-93,-81,-91,-65,-142,-149,-149,-142,-270,0,-102,77,0,653,650,634,22,1497,1486]} 1. b3 g6 2. Bb2 Nf6 3. Nf3 Bg7 4. d4 O-O 5. e3 b6 (5... c5 6. dxc5 Qa5+ 7. c3 Qxc5 8. Ba3 Qc7 9. Bxe7 Re8 10. Bxf6 Bxf6 11. Nd4 Nc6 12. Be2 d5 13. O-O Ne5 14. Qd2 Bd7 15. Na3 Rac8 16. Rac1 a6 17. Rfd1 Qa5 18. Qb2 {1-0 (64) Nakamura,H (2769)-So,W (2778) Leuven 2018}) 6. Be2 {A48: 1 d4 Nf6 2 Nf3 g6: Torre, London and Colle Systems.} c5 7. O-O Bb7 8. dxc5 {The position is equal.} bxc5 9. c4 d6 10. Nc3 Nbd7 11. Qc2 Ne4 {[#]} 12. Rac1 $146 ({Predecessor:} 12. Nd2 Nxc3 13. Bxc3 Bxc3 14. Qxc3 Nf6 15. Bf3 Bxf3 16. Nxf3 a5 17. a4 Ne4 18. Qd3 {½-½ (93) Pogonina,N (2479)-Muzychuk,A (2543) Budva 2019}) 12... Nxc3 13. Bxc3 Bxc3 14. Qxc3 a5 15. Nd2 a4 16. Rb1 axb3 17. axb3 Qa5 18. Qb2 Rfb8 19. h4 h5 20. f4 Qa2 21. Qc3 {Strongly threatening Ra1.} Nf6 22. Bd3 {aiming for Ra1.} Qa5 23. Qc2 Ng4 24. Rfe1 Kg7 25. e4 e6 26. Qb2+ Kg8 27. Re2 Qa2 ({Better is} 27... e5 $17 {And now ...Qd8 would win.} 28. g3 Qc7) 28. Qc3 Qa5 29. Qc1 (29. Qb2 $1 $11 {remains equal.}) 29... Qd8 $36 {[%mdl 2048] Black has strong initiative.} 30. Nf3 Bc6 (30... Qf6 $17) 31. Qe1 (31. f5 $11 {keeps the balance.}) 31... Ra3 32. Bc2 Ra2 33. Rd1 (33. Qc3 $15) 33... Qf6 $1 34. Rxd6 {e5 is the strong threat.} Ra1 35. Bd1 {[#]} (35. Rd1 $17 {is the only way for White.} Rxd1 36. Qxd1) 35... Ba8 $2 (35... Rxb3 $3 $19 {[%mdl 512]} 36. Qd2 (36. Bxb3 $2 {loses.} Rxe1+ 37. Rxe1 Bxe4 $19) (36. Rxc6 $2 Rxf3 37. Rd6 Rxf4 $19) 36... Rbb1) 36. f5 (36. Qd2 $1 $11 {was the only way to keep the balance.}) 36... Ne5 $2 (36... gxf5 $17 {keeps the pressure on.} 37. exf5 Qxf5) 37. Ng5 (37. fxe6 $16 fxe6 38. Qc3 Nxf3+ 39. Qxf3 Qxf3 40. gxf3) 37... Rxb3 $2 {[%mdl 8192]} (37... gxf5 $2 38. exf5 Rd8 39. Rxd8+ Qxd8 40. Rd2 $18) (37... Ng4 $11 38. Qd2 gxf5 39. exf5 Qxf5) 38. fxe6 $18 fxe6 {[#]} 39. Rxe6 $2 (39. Bxb3 Rxe1+ 40. Rxe1 Nf7 $16) (39. Red2 $1 $18 Nd3 40. R6xd3 Rxd3 41. Rxd3) 39... Qf4 $2 {[%mdl 8192]} (39... Qd8 $11 40. Rd2 (40. Bxb3 Rxe1+ 41. Rxe1 Qd4+ {[%mdl 64] Double Attack} 42. Kf1 Qd3+ {[%mdl 64] Double Attack} 43. Kg1 Qd4+ 44. Kf1 Qd3+ {[%mdl 64] Double Attack} 45. Kg1 Qd4+ $11) 40... Rd3 41. Rxd3 Qxd3 {[%mdl 64] Double Attack} 42. Re8+ Kg7) 40. Re8+ {Weighted Error Value: White=0.45/Black=0.45} 1-0

[Event "Speed Chess Championship 2020"]
[Site "Online"]
[Date "2020.12.12"]
[Round "3.20"]
[White "So, Wesley"]
[Black "Nakamura, Hikaru"]
[Result "1/2-1/2"]
[WhiteElo "2816"]
[BlackElo "2736"]
[Annotator "TA"]
[PlyCount "103"]
[EventDate "2020.10.31"]
[EventType "k.o."]
[EventCountry "NET"]

{[%evp 16,103,81,77,70,66,62,56,81,63,62,8,9,-1,54,0,5,17,60,64,120,122,142,137,164,152,164,148,156,156,155,153,146,143,149,146,129,104,173,50,103,47,103,103,210,3,3,0,206,0,3,0,206,213,213,93,93,93,74,74,75,39,80,0,0,0,0,0,0,0,0,0,0,0,0,0,0,0,0,0,0,0,0,0,0,0,0,0,0,0]} 1. e4 g6 2. d4 Bg7 3. Nc3 c6 4. f4 d5 5. e5 h5 6. Nf3 Bg4 7. Bd3 Nh6 8. h3 Bxf3 9. Qxf3 ({Much weaker is} 9. gxf3 $6 e6 $11) 9... e6 {B15: Caro-Kann: 3 Nc3: 3...g6 and 3...dxe4 4 Nxe4 Nf6 5 Nxf6+ exf6.} 10. g3 Nf5 11. Ne2 Nd7 {[#] White is slightly better.} 12. c3 $146 ({Predecessor:} 12. Be3 Qb6 13. O-O-O Nxe3 14. Qxe3 c5 15. c3 O-O-O 16. Kb1 Kb8 17. Qf3 Bf8 18. Bc2 {0-1 (35) Stupina,E-Gaprindashvili,N (2405) Tbilisi 1979}) 12... c5 13. dxc5 (13. Bd2 $14) 13... Nxc5 $11 14. Bb5+ Nd7 ({Black should play} 14... Kf8 $11) 15. Bd3 Nc5 16. Bc2 Rc8 17. Bd2 $1 Qb6 (17... d4 $14) 18. O-O-O $1 $16 Qa6 19. Kb1 Ne7 20. Nd4 Nc6 21. g4 Nxd4 22. cxd4 Ne4 23. Bxe4 dxe4 24. Qxe4 Qc6 25. Qxc6+ Rxc6 26. Be3 b6 {[#]} (26... hxg4 $16 27. hxg4 Rxh1 28. Rxh1 b6) 27. Rc1 (27. f5 $1 $18 {[%mdl 512]}) 27... Kd7 (27... Rxc1+ $14 28. Rxc1 hxg4) 28. g5 (28. Rxc6 $16 Kxc6 29. Rc1+ Kb7 30. Kc2) 28... Rxc1+ (28... Rhc8 $14) 29. Rxc1 $14 {[%mdl 4096] Endgame KRB-KRB} Rc8 (29... Ra8 $16 {was necessary.}) 30. Rd1 $2 (30. Rxc8 $18 Kxc8 31. b4) 30... Kc6 $11 31. Rc1+ Kb7 $2 (31... Kd7 $1 $11 {and Black stays safe.}) 32. Rd1 $2 (32. Rxc8 $18 Kxc8 33. b4) 32... Kc6 $1 33. Rc1+ (33. d5+ {is interesting.} exd5 34. b4 Bf8 35. a3 Ra8 36. Rc1+) 33... Kb7 $2 (33... Kd7 $11) 34. Rxc8 $18 Kxc8 {[#] KB-KB} 35. Kc2 (35. b4 $1 $18 {is the precise move to win.}) 35... Kc7 $16 36. Bd2 Bf8 37. Kd3 Kc6 38. Ke4 a5 39. a4 (39. a3 $16) 39... Be7 $11 {The position is equal.} 40. b3 Bf8 41. Bc3 Ba3 42. Bd2 Be7 43. Bc3 Ba3 44. Bd2 Bf8 45. Be3 Bb4 46. Bf2 Ba3 47. Be3 Be7 48. Bd2 Ba3 49. Bc3 Be7 50. Bb2 Bb4 51. Bc1 Be7 52. Bd2 {Weighted Error Value: White=0.36/Black=0.27} 1/2-1/2